| 000 | 00822nam a2200217 i 4500 | ||
|---|---|---|---|
| 001 | 16446 | ||
| 003 | ES-MaACL | ||
| 005 | 20250816062543.0 | ||
| 007 | t| | ||
| 008 | 000921s1991 sp ||||1| spa d | ||
| 080 | _a111.852(04) | ||
| 100 | 1 |
_aSánchez Asiaín, José Angel. _9102472 |
|
| 245 | 1 | 3 |
_aLa empresa como realidad estética / _cdiscurso del académico electo ... D. José Angel Sánchez Asiaín y contestación de ... D. Federico Sopeña Ibáñez. |
| 260 |
_aMadrid : _bReal Academia de Bellas Artes de San Fernando, _c1991. |
||
| 300 |
_a60 p. ; _c24 cm. |
||
| 650 | 7 |
_aEstética _2embne _9142387 |
|
| 700 | 1 |
_aSopeña Ibáñez, Federico, _d1917-1991 _9107321 |
|
| 710 | 2 |
_aReal Academia de Bellas Artes de San Fernando. _96291 |
|
| 852 |
_aES-MaACL _jG-2153 _bR.120746 |
||
| 999 |
_c16446 _d16446 |
||